US Enemies in the 1700s (after/during the revolution) - Statistics

General Stats
  • This quiz has been taken 33 times
  • The average score is 2 of 8
Answer Stats
Hint Answer % Correct
The main US enemy UK
96%
A tribe that starts with a "C" and also supported the British Cherokee
61%
A so-called "double agent" in terms of sides Germany
35%
And another... Cayuga
13%
A member of the Iroquois Confederacy Mohawk
13%
And the last one? Seneca
13%
Another member... Onondaga
9%
Joined the British eventuall during the closing times of the war Potawatomi
9%
No matching quizzes found
Score Distribution
Percent of People with Each Score
Percentile by Number Answered
Your Score History
You have not taken this quiz